Football : Équipe de France liste à la coupe du monde 2010 - Statistiques

Statistiques générales
  • Ce quiz a été pris 144 fois
  • Le résultat moyen est 16 sur 23
Statistiques - réponses
Club Poste Joueur % Correct
OL Gardien Lloris
98%
OM Gardien Mandanda
98%
Manchester United Latéral gauche Evra
96%
Barcelone/New York RB Ailier Henry
93%
Bayern Munich Ailier Ribéry
90%
Bordeaux Milieu offensif Gourcuff
84%
Arsenal Latéral droit Sagna
81%
Chelsea Ailier Anelka
78%
FC Barcelone Latéral gauche Abidal
72%
Bordeaux Gardien Carrasso
71%
Chelsea Ailier Malouda
70%
OM Milieu offensif Valbuena
68%
Toulouse Attaquant de pointe Gignac
67%
OL Milieu défensif Toulalan
67%
Panathinaikos Attaquant de pointe Cissé
63%
Arsenal Défenseur central Gallas
63%
Arsenal Latéral gauche Clichy
62%
OL Ailier Govou
60%
Bordeaux Milieu défensif Diarra
55%
Ol Latéral droit Réveillère
51%
Arsenal Milieu défensif Diaby
48%
Bordeaux Défenseur central Planus
43%
Séville Défenseur central Squillaci
33%
Aucun quiz correspondant
Distribution des résultats
% des personnes avec chaque résultat
Percentile par nombre de réponses
Votre historique - résultats
Vous n’avez pas pris ce quiz